Análisis constitucional de la ley catalana de consultas populares no refrendarias y otras formas de participación ciudadana
Uloženo v:
| Hlavní autor: | |
|---|---|
| Médium: | Kniha |
| Jazyk: | španělština |
| Vydáno: |
Pamplona
Aranzadi
2015
|
| Témata: | |
| Tagy: |
Přidat tag
Žádné tagy, Buďte první, kdo vytvoří štítek k tomuto záznamu!
|
MARC
| LEADER | 00000cam a2200000 a 4500 | ||
|---|---|---|---|
| 001 | UCC9182 | ||
| 003 | CL-VaPUC | ||
| 008 | 190914e20150000sp |||||||||||||||||spa|d | ||
| 020 | |a 9788490982549 | ||
| 082 | 0 | 4 | |a 342.46 |b ALO |2 21 |
| 100 | 0 | |a Alonso de Antonio, Angel Luis |e author |9 604091 | |
| 245 | 1 | 0 | |a Análisis constitucional de la ley catalana de consultas populares no refrendarias y otras formas de participación ciudadana |
| 300 | |a 162 p | ||
| 942 | |c BK | ||
| 945 | |d 20190914 23:07:00 |a cmena | ||
| 260 | |a Pamplona |b Aranzadi |c 2015 | ||
| 650 | 7 | |a DERECHO CONSTITUCIONAL ESPAÑOL |2 CL-VaPUC |9 435214 | |
| 650 | 7 | |a DERECHO ADMINISTRATIVO ESPAÑOL |2 CL-VaPUC |9 482261 | |
| 650 | 0 | |a Participación ciudadana |9 330304 | |
| 650 | 0 | |a Autonomía administrativa |9 469710 | |
| 583 | |a last modification |c 20190914 23:07:00 |k Rodrigo Vera | ||
| 999 | |c 375376 |d 375374 | ||
| 952 | |0 0 |1 0 |3 erd |4 0 |6 342_460000000000000_ALO_2015 |7 0 |8 WP_COW |9 561317 |a BIBDER |b BIBDER |e Fundación W and P Cowley |i 5599318 |o 342.46 ALO 2015 |p 5599318 |r 2023-01-25 |w 2020-03-12 |y BK |z Catalogado en:20190914 |k WPC | ||